[Event "HUN-chT U18"]
[Site "Budapest"]
[Date "2019.10.29"]
[Round "7.5"]
[White "Bernath, Bence"]
[Black "Szabo, Miklos"]
[Result "1-0"]
[WhiteElo "2004"]
[BlackElo "1796"]
[PlyCount "71"]
[EventDate "2019.10.26"]
[EventType "team-swiss"]
[EventRounds "7"]
[EventCountry "HUN"]
[SourceTitle "CBM 192 Extra"]
[Source "Chessbase"]
[SourceDate "2019.11.06"]
[SourceVersion "1"]
[SourceVersionDate "2019.11.06"]
[SourceQuality "1"]
[WhiteTeam "Paks Atomeromu"]
[BlackTeam "Penzugyor"]
[WhiteTeamCountry "HUN"]
[BlackTeamCountry "HUN"]

1. e4 e5 2. Nf3 Nc6 3. Bb5 a6 4. Ba4 Nf6 5. 0-0 b5 6. Bb3 Be7 7. Re1 d6 8. c3 Bg4 9. d3 0-0 10. Nbd2 Nb8 11. h3 Bh5 12. Nf1 c5 13. g4 Bg6 14. Ng3 Nbd7 15. Nf5 Nb6 16. Bc2 Rc8 17. N3h4 Nfd7 18. Nxe7+ Qxe7 19. Nf5 Bxf5 20. gxf5 Qh4 21. Qf3 g6 22. Kh2 Kh8 23. Rg1 Rg8 24. fxg6 fxg6 25. Bg5 Qh5 26. Qe3 h6 27. Bd1 Qxg5 28. Rxg5 hxg5 29. Qxg5 Rg7 30. Bg4 Rf8 31. f3 Nf6 32. Qh6+ Nh7 33. Rg1 d5 34. Bf5 Rfg8 35. Rxg6 Na4 36. Rxg7 1-0

[Event "HUN-chT U18"]
[Site "Budapest"]
[Date "2019.10.27"]
[Round "3.5"]
[White "Szabo, Miklos"]
[Black "Szabo, Balazs2222"]
[Result "1-0"]
[WhiteElo "1796"]
[BlackElo "1715"]
[PlyCount "61"]
[EventDate "2019.10.26"]
[EventType "team-swiss"]
[EventRounds "7"]
[EventCountry "HUN"]
[SourceTitle "CBM 192 Extra"]
[Source "Chessbase"]
[SourceDate "2019.11.06"]
[SourceVersion "1"]
[SourceVersionDate "2019.11.06"]
[SourceQuality "1"]
[WhiteTeam "Penzugyor"]
[BlackTeam "Dunaharaszti"]
[WhiteTeamCountry "HUN"]
[BlackTeamCountry "HUN"]

1. e4 e6 2. d4 d5 3. e5 c5 4. c3 Nc6 5. Nf3 Nh6 6. Bxh6 gxh6 7. a3 cxd4 8. cxd4 Bg7 9. Nc3 0-0 10. Bd3 f6 11. Qd2 fxe5 12. dxe5 Rf7 13. Qe2 d4 14. Nb5 Qa5+ 15. Kf1 Qd8 16. Nd6 Re7 17. Qe4 Bxe5 18. Nxc8 Rxc8 19. Nxe5 Nxe5 20. Qxe5 Qb6 21. Qb5 Qd6 22. g3 e5 23. Kg2 e4 24. Bc4+ Kh8 25. Qd5 Qf6 26. Rhd1 Qf3+ 27. Kg1 Rf8 28. Qxd4+ Rg7 29. Qe3 Qf5 30. Rd5 Qg6 31. Rad1 1-0

[Event "Budapest-chT1 Lilienthal 1718"]
[Site "Budapest"]
[Date "2018.03.18"]
[Round "12"]
[White "Szabo, Miklos"]
[Black "Nagy, Zsolt2222"]
[Result "1-0"]
[WhiteElo "1759"]
[BlackElo "1696"]
[PlyCount "89"]
[EventDate "2017.10.01"]
[EventType "team-tourn"]
[EventRounds "13"]
[EventCountry "HUN"]
[SourceTitle "EXT 2021"]
[Source "ChessBase"]
[SourceDate "2020.10.23"]
[SourceVersion "1"]
[SourceVersionDate "2020.10.23"]
[SourceQuality "1"]
[WhiteTeam "Penzugyor III"]
[BlackTeam "Aquarena III"]
[WhiteTeamCountry "HUN"]
[BlackTeamCountry "HUN"]

1. e4 c5 2. Nf3 d6 3. d4 cxd4 4. Nxd4 Nf6 5. f3 Nc6 6. c4 g6 7. Be3 Bg7 8. Qd2 0-0 9. Nc3 Bd7 10. Be2 Ne8 11. 0-0 Nc7 12. Rac1 Ne6 13. Ndb5 Nc7 14. Nd4 Ne6 15. Nc2 b6 16. Rfd1 Rc8 17. b3 Qc7 18. Nd5 Qd8 19. b4 Nc7 20. c5 bxc5 21. bxc5 Be6 22. Nxc7 Rxc7 23. cxd6 exd6 24. Qxd6 Qxd6 25. Rxd6 Rd8 26. Rxd8+ Nxd8 27. Nb4 Rxc1+ 28. Bxc1 Bf8 29. Nd5 Nc6 30. Be3 Nb4 31. Bc4 a5 32. Bd4 Nxd5 33. Bxd5 Bxd5 34. exd5 a4 35. Kf2 Bd6 36. h3 Kf8 37. Ke3 Ke7 38. Kd3 Kd7 39. Kc4 Kc7 40. Kb5 a3 41. Bc5 f5 42. Bxd6+ Kxd6 43. Kc4 h6 44. Kb3 h5 45. Kxa3 1-0

[Event "Budapest-chT1 Lilienthal 1718"]
[Site "Budapest"]
[Date "2018.02.04"]
[Round "8"]
[White "Toth, Peter3333"]
[Black "Szabo, Miklos"]
[Result "1/2-1/2"]
[WhiteElo "1457"]
[BlackElo "1759"]
[PlyCount "79"]
[EventDate "2017.10.01"]
[EventType "team-tourn"]
[EventRounds "13"]
[EventCountry "HUN"]
[SourceTitle "EXT 2021"]
[Source "ChessBase"]
[SourceDate "2020.10.23"]
[SourceVersion "1"]
[SourceVersionDate "2020.10.23"]
[SourceQuality "1"]
[WhiteTeam "Siraly"]
[BlackTeam "Penzugyor III"]
[WhiteTeamCountry "HUN"]
[BlackTeamCountry "HUN"]

1. c4 e6 2. Nc3 Nf6 3. g3 Bb4 4. Bg2 0-0 5. e3 Nc6 6. Nge2 d6 7. 0-0 Bxc3 8. Nxc3 e5 9. d4 Bg4 10. Qd2 Re8 11. b3 e4 12. f3 exf3 13. Bxf3 Qd7 14. Bxg4 Nxg4 15. Rf3 Ne7 16. Bb2 Ng6 17. Re1 c6 18. e4 Rad8 19. Kg2 Re7 20. h3 Nf6 21. Rfe3 Rde8 22. Qf2 c5 23. Nd5 Nxd5 24. exd5 b6 25. dxc5 bxc5 26. Rxe7 Rxe7 27. Rxe7 Qxe7 28. Kf3 Ne5+ 29. Bxe5 Qxe5 30. Qe3 f6 31. g4 h5 32. Qxe5 hxg4+ 33. hxg4 fxe5 34. Ke4 g6 35. g5 Kf7 36. Kd3 Ke7 37. Ke4 Kd7 38. Kd3 Kc7 39. a3 a5 40. a4 1/2-1/2

[Event "Budapest Gyorgy Memorial 2nd"]
[Site "Budapest"]
[Date "2017.10.12"]
[Round "1.2"]
[White "Szabo, Miklos"]
[Black "Pavlov, Mikhail"]
[Result "0-1"]
[WhiteElo "1759"]
[BlackElo "1849"]
[PlyCount "120"]
[EventDate "2017.10.12"]
[EventType "swiss"]
[EventRounds "7"]
[EventCountry "HUN"]
[SourceTitle "EXT 2019"]
[Source "ChessBase"]
[SourceDate "2018.10.10"]
[SourceVersion "1"]
[SourceVersionDate "2018.10.10"]
[SourceQuality "1"]

1. e4 e6 2. d4 d5 3. e5 c5 4. c3 Qa5 5. a3 Bd7 6. Nf3 Nc6 7. Be3 cxd4 8. b4 Qb6 9. cxd4 f6 10. Bd3 fxe5 11. dxe5 Qc7 12. Bf4 Nf6 13. 0-0 g6 14. Nc3 Nh5 15. Nb5 Qb8 16. Bd2 a6 17. Nbd4 Nxd4 18. Nxd4 Qxe5 19. Bc3 Rc8 20. Qd2 Bg7 21. Rfe1 Qf6 22. Nxe6 Qxc3 23. Nxg7+ Kf7 24. Qxc3 Rxc3 25. Nxh5 Rxd3 26. Nf4 Rd4 27. g3 Re8 28. Red1 Ree4 29. Nxd5 Bg4 30. Rxd4 Rxd4 31. Ne3 Bf3 32. Rc1 Rd3 33. a4 Rd4 34. Rc4 Rxc4 35. Nxc4 Ke6 36. b5 axb5 37. axb5 Kd5 38. Nd2 Be2 39. b6 Kc6 40. f4 Kxb6 41. Kf2 Bg4 42. Kg2 Be6 43. h3 Kc5 44. g4 b5 45. Kf3 Kd4 46. h4 b4 47. h5 gxh5 48. f5 hxg4+ 49. Kxg4 Bf7 50. Nf3+ Kc3 51. Kf4 b3 52. Ke3 b2 53. Nd2 Kc2 54. f6 Bh5 55. Nc4 b1Q 56. Na3+ Kb2 57. Nxb1 Kxb1 58. Kf4 Bf7 59. Kg5 h5 60. Kh4 Kc2 0-1

[Event "HUN-chT2 Maroczy 1516"]
[Site "Hungary"]
[Date "2016.02.14"]
[Round "5.12"]
[White "Benyeda, Monika"]
[Black "Szabo, Miklos"]
[Result "1-0"]
[WhiteElo "1332"]
[BlackElo "1518"]
[PlyCount "53"]
[EventDate "2015.10.18"]
[EventType "team-tourn"]
[EventRounds "9"]
[EventCountry "HUN"]
[SourceTitle "EXT 2017"]
[Source "ChessBase"]
[SourceDate "2016.10.25"]
[SourceVersion "1"]
[SourceVersionDate "2016.10.25"]
[SourceQuality "1"]
[WhiteTeam "MLTC"]
[BlackTeam "Penzugyor"]
[WhiteTeamCountry "HUN"]
[BlackTeamCountry "HUN"]

1. d4 Nf6 2. Nf3 e6 3. c4 Bb4+ 4. Nc3 c5 5. Bf4 cxd4 6. Nxd4 Ne4 7. Qb3 Qa5 8. Ndb5 Na6 9. a3 d5 10. e3 Bd7 11. cxd5 Rc8 12. Rc1 Nec5 13. Nd6+ Kf8 14. Qc4 Bxc3+ 15. Rxc3 exd5 16. Qxd5 Be6 17. Qd4 Nb3 18. Qe5 Rxc3 19. Qxc3 Ke7 20. Nxb7 Qxc3+ 21. bxc3 Nac5 22. Bd6+ Kd7 23. Bb5+ Kc8 24. Nxc5 Na5 25. Nxe6 fxe6 26. Bb4 Nb7 27. Ba6 1-0

[Event "Budapest FS11 FM-C"]
[Site "Budapest"]
[Date "2012.11.05"]
[Round "2"]
[White "Szabo, Miklos"]
[Black "Szalay, Tibor"]
[Result "0-1"]
[WhiteElo "1342"]
[BlackElo "1804"]
[PlyCount "58"]
[EventDate "2012.11.03"]
[EventType "tourn"]
[EventRounds "10"]
[EventCountry "HUN"]
[SourceTitle "EXT 2013"]
[Source "ChessBase"]
[SourceDate "2012.11.22"]
[SourceVersion "1"]
[SourceVersionDate "2012.11.22"]
[SourceQuality "1"]

1. d4 Nf6 2. c4 g6 3. Nc3 Bg7 4. Nf3 0-0 5. g3 d6 6. Bg2 Ne8 7. e4 e5 8. 0-0 Nc6 9. d5 Ne7 10. h3 f5 11. Be3 Nf6 12. Qd2 fxe4 13. Ng5 Nf5 14. Ngxe4 Nxe3 15. Qxe3 Nh5 16. Ne2 Nf6 17. N2c3 Nxe4 18. Nxe4 Bd7 19. Rac1 b6 20. b3 h5 21. Qe2 Bh6 22. Rc3 Qc8 23. Kh2 Qe8 24. f3 Qe7 25. Qf2 Rf7 26. f4 exf4 27. Qd4 fxg3+ 28. Kxg3 Rxf1 29. Bxf1 Bg7 0-1

[Event "Budapest FS09 FM-B"]
[Site "Budapest"]
[Date "2012.09.07"]
[Round "6"]
[White "Szabo, Miklos"]
[Black "Barla, Janos"]
[Result "0-1"]
[WhiteElo "1340"]
[BlackElo "1774"]
[PlyCount "96"]
[EventDate "2012.09.01"]
[EventType "tourn"]
[EventRounds "9"]
[EventCountry "HUN"]
[SourceTitle "CBM 150 Extra"]
[Source "ChessBase"]
[SourceDate "2012.10.19"]
[SourceVersion "1"]
[SourceVersionDate "2012.10.19"]
[SourceQuality "1"]

1. e4 d6 2. d4 Nf6 3. Nc3 c6 4. f4 e6 5. Nf3 Be7 6. Be3 a5 7. a4 Na6 8. Bxa6 Rxa6 9. 0-0 Ng4 10. Bd2 b6 11. h3 Nf6 12. Re1 Qc7 13. Qe2 0-0 14. Nd1 Ra8 15. Nf2 Ba6 16. Qe3 Kh8 17. b3 Bb7 18. c4 Ng8 19. e5 d5 20. Rac1 Qd8 21. Kh2 c5 22. Bc3 dxc4 23. bxc4 Nh6 24. g4 Qc7 25. Bb2 Rad8 26. Rcd1 cxd4 27. Bxd4 Qxc4 28. Bxb6 Rxd1 29. Rxd1 Qxa4 30. Kg3 Bd5 31. Bc5 Ng8 32. Qc3 Rc8 33. Qd4 Qc2 34. Bxe7 Nxe7 35. Rd2 Qg6 36. Nh4 Qb1 37. Rd1 Rc1 38. Qa4 Rc3+ 39. Kh2 Qb2 40. Qd4 a4 41. Rd2 Qb3 42. Nd3 a3 43. Rd1 Qxd1 44. Qxc3 Qh1+ 45. Kg3 Qg1+ 46. Ng2 Qxg2+ 47. Kh4 Ng6+ 48. Kg5 h6+ 0-1

[Event "Budapest FS04 FM-B"]
[Site "Budapest"]
[Date "2012.04.15"]
[Round "8"]
[White "Schmidt, Wolfgang"]
[Black "Szabo, Miklos"]
[Result "1-0"]
[WhiteElo "2249"]
[BlackElo "1355"]
[PlyCount "79"]
[EventDate "2012.04.07"]
[EventType "tourn"]
[EventRounds "10"]
[EventCountry "HUN"]
[SourceTitle "CBM 147 Extra"]
[Source "ChessBase"]
[SourceDate "2012.04.24"]
[SourceVersion "1"]
[SourceVersionDate "2012.04.24"]
[SourceQuality "1"]

1. d4 Nf6 2. Nf3 g6 3. c4 Bg7 4. Nc3 d5 5. cxd5 Nxd5 6. e4 Nxc3 7. bxc3 c5 8. Be2 0-0 9. 0-0 Nc6 10. Be3 Qa5 11. Qc1 cxd4 12. cxd4 Bg4 13. Rd1 Rac8 14. Qd2 Qxd2 15. Rxd2 e6 16. Rb1 b6 17. Bb5 Ne7 18. Ne5 Bxe5 19. dxe5 Rfd8 20. f3 Rxd2 21. Bxd2 Rc2 22. Bg5 Nc8 23. fxg4 Rc5 24. Bf4 Kg7 25. g5 Ne7 26. a4 Nc6 27. Bxc6 Rxc6 28. Rc1 Rc5 29. Rxc5 bxc5 30. Be3 c4 31. Kf2 a6 32. Bc5 h6 33. h4 h5 34. Ke3 c3 35. Kd3 c2 36. Kxc2 Kh7 37. Kc3 f5 38. exf6 Kg8 39. Kb4 Kf7 40. Ka5 1-0

[Event "Budapest FS04 FM-B"]
[Site "Budapest"]
[Date "2012.04.13"]
[Round "6"]
[White "Lukacs, Albert"]
[Black "Szabo, Miklos"]
[Result "1-0"]
[WhiteElo "1735"]
[BlackElo "1355"]
[PlyCount "51"]
[EventDate "2012.04.07"]
[EventType "tourn"]
[EventRounds "10"]
[EventCountry "HUN"]
[SourceTitle "CBM 147 Extra"]
[Source "ChessBase"]
[SourceDate "2012.04.24"]
[SourceVersion "1"]
[SourceVersionDate "2012.04.24"]
[SourceQuality "1"]

1. e4 e5 2. Nc3 Nc6 3. Bc4 Nf6 4. d3 h6 5. f4 Bc5 6. Nf3 exf4 7. Bxf4 0-0 8. Qd2 d6 9. 0-0-0 Bg4 10. h3 Be6 11. Bxe6 fxe6 12. Ne2 a5 13. Be3 Bxe3 14. Qxe3 e5 15. Ng3 Ne7 16. Rhf1 Kh7 17. d4 Ng6 18. dxe5 Ng8 19. Nf5 Nxe5 20. Nxe5 Qg5 21. Qxg5 hxg5 22. Nf3 Kg6 23. g4 Rf7 24. e5 Ne7 25. exd6 Nxf5 26. Ne5+ 1-0

[Event "Budapest FS04 FM-B"]
[Site "Budapest"]
[Date "2012.04.10"]
[Round "4"]
[White "Mayer, Istvan"]
[Black "Szabo, Miklos"]
[Result "1-0"]
[WhiteElo "2063"]
[BlackElo "1355"]
[PlyCount "41"]
[EventDate "2012.04.07"]
[EventType "tourn"]
[EventRounds "10"]
[EventCountry "HUN"]
[SourceTitle "CBM 147 Extra"]
[Source "ChessBase"]
[SourceDate "2012.04.24"]
[SourceVersion "1"]
[SourceVersionDate "2012.04.24"]
[SourceQuality "1"]

1. e4 e5 2. Nf3 Nc6 3. Bb5 a6 4. Ba4 Nf6 5. 0-0 Be7 6. d4 exd4 7. e5 Ne4 8. c3 b5 9. Bc2 d5 10. Nxd4 Nxe5 11. f3 Nf6 12. Re1 c5 13. Bf4 Nxf3+ 14. Nxf3 Bg4 15. Qe2 Bxf3 16. Qxf3 0-0 17. Nd2 d4 18. Ne4 Nd5 19. Rad1 Qb6 20. Nf2 Nf6 21. Rxe7 1-0

[Event "Budapest FS11 FM-C"]
[Site "Budapest"]
[Date "2011.11.13"]
[Round "9"]
[White "Szabo, Miklos"]
[Black "Koltai, Daniel"]
[Result "1-0"]
[WhiteElo "1345"]
[BlackElo "1422"]
[PlyCount "87"]
[EventDate "2011.11.05"]
[EventType "tourn"]
[EventRounds "11"]
[EventCountry "HUN"]
[SourceTitle "EXT 2012"]
[Source "ChessBase"]
[SourceDate "2011.11.24"]
[SourceVersion "1"]
[SourceVersionDate "2011.11.24"]
[SourceQuality "1"]

1. e4 c5 2. Nf3 d6 3. c3 Nf6 4. Bb5+ Nbd7 5. d3 a6 6. Ba4 b5 7. Bc2 g6 8. Bf4 Bg7 9. Nbd2 0-0 10. 0-0 Bb7 11. d4 cxd4 12. cxd4 Ng4 13. a4 bxa4 14. Bxa4 Nb6 15. Bc2 Qd7 16. Qe2 Rfc8 17. Rfc1 Rc6 18. Ra3 Rac8 19. Qd3 Qc7 20. Ne1 Nc4 21. Nxc4 Rxc4 22. Be3 Nxe3 23. fxe3 e6 24. Kf2 Qe7 25. Rc3 Rxc3 26. bxc3 Qh4+ 27. Kg1 Bh6 28. g3 Bxe4 29. Qxa6 Rxc3 30. gxh4 Bxe3+ 31. Kf1 Bxc1 32. Bxe4 Bf4 33. d5 exd5 34. Qa8+ Kg7 35. Qxd5 Bxh2 36. Qd4+ Be5 37. Qd5 Rh3 38. Ng2 Rc3 39. Qd2 h5 40. Nf4 f5 41. Bd5 Rg3 42. Ne6+ Kh8 43. Qh6+ Kg8 44. Nf4# 1-0

[Event "Budapest FS11 FM-C"]
[Site "Budapest"]
[Date "2011.11.11"]
[Round "7"]
[White "Szabo, Miklos"]
[Black "Szonyi, Bence"]
[Result "1/2-1/2"]
[WhiteElo "1345"]
[BlackElo "2089"]
[PlyCount "59"]
[EventDate "2011.11.05"]
[EventType "tourn"]
[EventRounds "11"]
[EventCountry "HUN"]
[SourceTitle "EXT 2012"]
[Source "ChessBase"]
[SourceDate "2011.11.24"]
[SourceVersion "1"]
[SourceVersionDate "2011.11.24"]
[SourceQuality "1"]

1. e4 a6 2. d4 e6 3. Nf3 Nf6 4. a3 Be7 5. Nc3 0-0 6. Be2 c5 7. e5 Ne8 8. Be3 cxd4 9. Nxd4 d6 10. Nf3 Nc6 11. exd6 Qxd6 12. Ne4 Qc7 13. 0-0 Nf6 14. Bd3 b5 15. Bc5 Bb7 16. b4 Rfd8 17. Bxe7 Qxe7 18. Nc5 Kh8 19. Nxb7 Qxb7 20. Qe2 Nd4 21. Nxd4 Rxd4 22. c3 Rd6 23. Rfd1 Qc7 24. c4 bxc4 25. Bxc4 Rc6 26. Bb3 Rc3 27. Rd3 Rc1+ 28. Rd1 Rc3 29. Rd3 Rc1+ 30. Rd1 1/2-1/2

[Event "Budapest FS11 FM-C"]
[Site "Budapest"]
[Date "2011.11.05"]
[Round "1"]
[White "Czipp, Janos"]
[Black "Szabo, Miklos"]
[Result "1-0"]
[WhiteElo "1454"]
[BlackElo "1345"]
[PlyCount "79"]
[EventDate "2011.11.05"]
[EventType "tourn"]
[EventRounds "11"]
[EventCountry "HUN"]
[SourceTitle "EXT 2012"]
[Source "ChessBase"]
[SourceDate "2011.11.24"]
[SourceVersion "1"]
[SourceVersionDate "2011.11.24"]
[SourceQuality "1"]

1. d4 d5 2. c4 e6 3. cxd5 exd5 4. Nf3 Nf6 5. g3 c5 6. Bg2 Nc6 7. Nc3 Be7 8. 0-0 0-0 9. Re1 Bf5 10. a3 a6 11. e3 c4 12. b3 b5 13. bxc4 bxc4 14. Ne5 Nxe5 15. dxe5 Ne4 16. Ne2 Be6 17. Qc2 f5 18. Nd4 Qd7 19. Rd1 Nc5 20. Nxe6 Nxe6 21. Bxd5 Rab8 22. Bxc4 Qc6 23. Qa2 Rb6 24. Bb2 Kh8 25. Bxe6 Qxe6 26. Qxe6 Rxe6 27. Rd7 h5 28. Rc1 Bd8 29. Rc8 Ree8 30. e6 Bf6 31. Rxe8 Rxe8 32. Bxf6 gxf6 33. Rd6 a5 34. Kg2 Kg7 35. h4 Kg6 36. Kf3 Re7 37. e4 fxe4+ 38. Kxe4 f5+ 39. Ke5 a4 40. Ra6 1-0

[Event "Budapest FS12 FM-C"]
[Site "Budapest"]
[Date "2010.12.04"]
[Round "1"]
[White "Jones, Peter"]
[Black "Szabo, Miklos"]
[Result "1/2-1/2"]
[WhiteElo "1425"]
[BlackElo "1394"]
[PlyCount "36"]
[EventDate "2010.12.04"]
[EventType "tourn"]
[EventRounds "10"]
[EventCountry "HUN"]
[SourceTitle "CBM 139 Extra"]
[Source "ChessBase"]
[SourceDate "2011.01.05"]
[SourceVersion "1"]
[SourceVersionDate "2011.01.05"]
[SourceQuality "1"]

1. d4 d5 2. Bf4 Nf6 3. e3 c5 4. Bb5+ Bd7 5. Bxd7+ Nbxd7 6. dxc5 Qa5+ 7. Nd2 e6 8. Ngf3 Nxc5 9. 0-0 Be7 10. a3 Nce4 11. b4 Qd8 12. Nxe4 dxe4 13. Ne5 0-0 14. h3 Nd5 15. Qg4 Nf6 16. Qg3 Nh5 17. Qg4 Nf6 18. Qg3 Nh5 1/2-1/2